Stabilization, Destabilization, and the Popular Classes in Nicaragua, 1979-1988 /
Guardado en:
| Autor principal: | |
|---|---|
| Formato: | Texto |
| Materias: | |
| Etiquetas: |
Agregar Etiqueta
Sin Etiquetas, Sea el primero en etiquetar este registro!
|
MARC
| LEADER | 00000 a a2200000 04500 | ||
|---|---|---|---|
| 001 | 42934 | ||
| 003 | |||
| 040 | |||
| 100 | |a Stahler-Sholk, Richard | ||
| 245 | |a Stabilization, Destabilization, and the Popular Classes in Nicaragua, 1979-1988 / |c Richard Stahler-Sholk | ||
| 650 | |a POLITICA | ||
| 650 | |a ECONOMIA | ||
| 650 | |a REVOLUCION | ||
| 650 | |a AJUSTE ESTRUCTURAL | ||
| 650 | |a RECONSTRUCCION DE LA ECONOMIA | ||
| 773 | |g volumen25, número3, 1990, páginas 55-89 | ||
| 999 | |c 33291 |d 33291 | ||
